[Event "SRB-ch sf"]
[Site "Paracin"]
[Date "2022.03.23"]
[Round "9"]
[White "Cuzovic, Ognjen"]
[Black "Novakovic, Aleksandar S"]
[Result "1-0"]
[WhiteElo "1894"]
[BlackElo "1749"]
[PlyCount "101"]
[EventDate "2022.03.17"]
[EventType "swiss"]
[EventRounds "9"]
[EventCountry "SRB"]
[SourceTitle "CBM 207 Extra"]
[Source "ChessBase"]
[SourceDate "2022.05.31"]
[SourceVersion "1"]
[SourceVersionDate "2022.05.31"]
[SourceQuality "1"]

1. d4 Nf6 2. c4 g6 3. Nc3 Bg7 4. e4 0-0 5. Nf3 d6 6. Be2 e5 7. d5 Nh5 8. Bg5 f6 9. Bh4 Nf4 10. 0-0 g5 11. Bg3 h5 12. Bxf4 exf4 13. Nd4 g4 14. f3 g3 15. h3 f5 16. exf5 Rxf5 17. Nxf5 Bxf5 18. Bd3 Bd7 19. Bc2 Na6 20. a3 Qh4 21. Qd3 Nc5 22. Qh7+ Kf8 23. Bf5 Be8 24. Rae1 Nd7 25. Rxe8+ Rxe8 26. Bxd7 Re7 27. Qf5+ Rf7 28. Qe6 Re7 29. Qg6 Rxd7 30. Qf5+ Ke8 31. Ne4 Kd8 32. Ng5 Re7 33. Ne6+ Rxe6 34. Qxe6 Qf6 35. Qxf6+ Bxf6 36. Rb1 Ke7 37. Kf1 Bd4 38. Ke2 Kf6 39. Kd3 Be5 40. b4 a6 41. c5 Kf5 42. Kc4 h4 43. cxd6 Bxd6 44. a4 b6 45. Re1 Be5 46. Re4 Kf6 47. a5 Kf5 48. axb6 cxb6 49. Re2 a5 50. bxa5 bxa5 51. Kc5 1-0